| 000 | 00863nam a2200229Ia 4500 | ||
|---|---|---|---|
| 003 | GCL | ||
| 008 | 140319s9999 xx 000 0 ara d | ||
| 020 | _a2399291977 | ||
| 040 |
_aGCL / _cGCL |
||
| 082 | 0 | 4 |
_a808.068 _bا ت |
| 100 | 1 | _aاسماء غريب بيومى | |
| 245 | 1 | 0 |
_aالتربية السياسية فى ادب الاطفال : _bدراسة مقارنة بين مصر واسرائيل / _cاسماء غريب بيومى |
| 250 | _aالاولى | ||
| 260 |
_aالقاهرة : _bمركز الحضارة العربية للاعلام والنشر |
||
| 300 |
_a182 ص ؛ _c24 سم |
||
| 650 | 0 | 4 | _aادب الاطفال |
| 650 | 0 | 4 | _aادب الاطفال - تاريخ ونقد |
| 650 | 0 | 4 | _aادب الاطفال - مصر |
| 650 | 0 | 4 | _aادب الاطفال - اسرائيل |
| 650 | 0 | 4 | _aالتربية - اسرائيل |
| 942 |
_2ddc _cBK |
||
| 999 |
_c5639 _d5639 |
||